| 000 | 00426nam a2200169 a 4500 | ||
|---|---|---|---|
| 001 | 3671 | ||
| 003 | CDMR | ||
| 005 | 20130314173455.0 | ||
| 008 | 130130s1968||||||||||||||||||||||||||||d | ||
| 040 |
_aCDMR _bcat _cCPC GIRONA |
||
| 100 | 1 |
_aGaziel _949 |
|
| 245 | 1 | 3 |
_aUn estudiant a ParĂs i altres estudis _cGaziel |
| 250 | _a2a ed. | ||
| 260 |
_c1968 _bSelecta _aBarcelona |
||
| 490 | 0 |
_aBiblioteca Selecta _v352 |
|
| 942 |
_cMON _2udc |
||
| 999 |
_c3671 _d3671 |
||